000
00314nam a2200133Ia 4500
008
220204s9999 xx 000 0 und d
082
_a
574
_b
HAR
100
_a
HARRISON, David
245
0
_a
Patterns in biology
260
_a
London
_b
Edward Arnold
_c
1975
650
_a
Biology
650
_a
Evolution
942
_c
BK
999
_c
27060
_d
27060